Tax expenditure management a critical assessment

Includes bibliographical references and index.; A tax expenditure is a 'tax break' allowed to a taxpayer or group of taxpayers, for example, by way of concession, deduction, deferral or exemption. The tax expenditure concept, as it was first identified, was designed to demonstrate the simi...

Full beskrivning

Sparad:
Bibliografiska uppgifter
Huvudupphovsman: Burton, Mark
Övriga upphovsmän: Sadiq, Kerrie
Materialtyp: Bok
Språk:Undetermined
Publicerad: Cambridge, UK Cambridge University Press 2013
Ämnen:
Länkar:http://lrc.tdmu.edu.vn/opac/search/detail.asp?aID=2&ID=24700
Taggar: Lägg till en tagg
Inga taggar, Lägg till första taggen!
Thư viện lưu trữ: Trung tâm Học liệu Trường Đại học Thủ Dầu Một
LEADER 01549nam a2200229Ia 4500
001 TDMU_24700
008 210410s9999 xx 000 0 und d
082 |a 352.44 
090 |b B521 
100 |a Burton, Mark 
245 0 |a Tax expenditure management 
245 2 |b a critical assessment 
245 0 |c Mark Burton and Kerrie Sadiq 
260 |a Cambridge, UK 
260 |b Cambridge University Press 
260 |c 2013 
300 |a viii, 258 p. 
520 |a Includes bibliographical references and index.; A tax expenditure is a 'tax break' allowed to a taxpayer or group of taxpayers, for example, by way of concession, deduction, deferral or exemption. The tax expenditure concept, as it was first identified, was designed to demonstrate the similarity between direct government spending on the one hand and spending through the tax system on the other. The identification of benefits provided through the tax system as tax expenditures allows analysts to consider the fiscal significance of those parts of the tax system which do not contribute to the primary purpose of raising revenue. Although a seemingly simple concept, it has generated a range of complex definitional and practical issues, and this book identifies and critically assesses the controversial aspects of tax expenditure and tax expenditure management. 
650 |a Tax expenditures.; Thuế 
700 |a Sadiq, Kerrie 
856 |u http://lrc.tdmu.edu.vn/opac/search/detail.asp?aID=2&ID=24700 
980 |a Trung tâm Học liệu Trường Đại học Thủ Dầu Một